000 00329nam a2200133Ia 4500
005 20260328104316.0
008 260328s9999||||xx |||||||||||||| ||und||
100 _aLópez, Raymond
245 0 _aEl Porvenir de las Ciudades /
_cRaymond López
260 _bSiglo Veintiuno
300 _a147 p.
650 _aCIUDAD
942 _cBK
999 _c11174
_d11174